| Поле | Инд. | ПП | Название | Значение |
|---|---|---|---|---|
| Тип записи | a | |||
| Библиографический уровень | m | |||
| 001 | Контрольный номер | DU/583495117 | ||
| 005 | Дата корректировки | 20251212162644.7 | ||
| 008 | Кодируемые данные | 20091204 | ||
| 020 | a | ISBN | 9785811407545 | |
| 040 | b | Код языка каталог. | rus | |
| e | Правила каталог. | PSBO | ||
| 041 | 0_ | a | Код языка текста | rus |
| 084 | a | Индекс другой классификации/Индекс ББК | 22.3я73; 22.33я73 | |
| 090 | a | Полочн. индекс | 22.3я73 | |
| x | Авторский знак | З-645 | ||
| 100 | 1_ | a | Автор | Зисман Г. А. |
| q | Полное имя | Зисман Гирш Абрамович | ||
| 100 | 1_ | a | Автор | Тодес О. М. |
| q | Полное имя | Тодес Оскар Мовшевич | ||
| 245 | 10 | a | Заглавие | Курс общей физики |
| b | Продолж. заглавия | учебное пособие для втузов: в 3 т. | ||
| n | Номер части/ раздела | Т.2 | ||
| p | Название части/ раздела | Электричество и магнетизм | ||
| 250 | a | Основные сведения об издании | 7-е изд., стер. | |
| 260 | a | Место издания | Санкт-Петербург | |
| b | Издательство | Лань | ||
| c | Дата издания | 2018 | ||
| 300 | a | Объем | 360 с. | |
| b | Иллюстрации/ тип воспроизводства | ил. | ||
| 336 | a | Термин вида содержания | Текст | |
| 337 | a | Термин типа средства | непосредственный | |
| 440 | _0 | a | Серия | Классическая учебная литература по физике |
| 504 | a | Библиография | Прил. 1,2: с. 338. - Предм. указ.: с. 350 | |
| 521 | 0_ | a | Примеч. о целев. назн. | студенты |
| 541 | 1_ | a | Номер заявки | 7228 |
| b | Заявитель | Шевчук И.И. | ||
| c | Факультет/Кафедра/Подразделение | Кафедра общей физики | ||
| d | Дата заявки | 22.03.2018 | ||
| f | Дисциплина | физика | ||
| h | Уровень подготовки | Бакалавриат | ||
| n | Количество экземпляров | 10 | ||
| 650 | 04 | a | Основная рубрика | магнетизм |
| a | Основная рубрика | физика | ||
| a | Основная рубрика | электричество | ||
| 653 | 0_ | a | Ключевые слова | вихревые токи |
| a | Ключевые слова | газовый разряд | ||
| a | Ключевые слова | диамагнетизм | ||
| a | Ключевые слова | диэлектрики | ||
| a | Ключевые слова | единицы измерения | ||
| a | Ключевые слова | Кирхгофа правила | ||
| a | Ключевые слова | колебательный контур | ||
| a | Ключевые слова | магнитная индукция | ||
| a | Ключевые слова | магнитное поле токов | ||
| a | Ключевые слова | магнитные свойства | ||
| a | Ключевые слова | магнитные цепи | ||
| a | Ключевые слова | масс-спектроскопия | ||
| a | Ключевые слова | металлы | ||
| a | Ключевые слова | Ома закон | ||
| a | Ключевые слова | парамагнетизм | ||
| a | Ключевые слова | пробой | ||
| a | Ключевые слова | проводники | ||
| a | Ключевые слова | радиосвязь | ||
| a | Ключевые слова | самоиндукция | ||
| a | Ключевые слова | теория металлов | ||
| a | Ключевые слова | термоэлектродвижущая сила | ||
| a | Ключевые слова | термоэлектронная эмиссия | ||
| a | Ключевые слова | ток смещения | ||
| a | Ключевые слова | трансформаторы | ||
| a | Ключевые слова | ферромагнетизм | ||
| a | Ключевые слова | электрические заряды | ||
| a | Ключевые слова | электрические колебания | ||
| a | Ключевые слова | электрические цепи | ||
| a | Ключевые слова | электрический ток | ||
| a | Ключевые слова | электрическое поле | ||
| a | Ключевые слова | электроизмерительные приборы | ||
| a | Ключевые слова | электролиты | ||
| a | Ключевые слова | электромагнетизм | ||
| a | Ключевые слова | электромагнитная индукция | ||
| a | Ключевые слова | электромагнитные волны | ||
| a | Ключевые слова | электронная теория металлов | ||
| a | Ключевые слова | электронно-лучевые устройства | ||
| a | Ключевые слова | электронные лампы | ||
| a | Ключевые слова | электростатика | ||
| a | Ключевые слова | электростатическое поле | ||
| 655 | a | Жанр/ форма (устаревшее) | учебное пособие | |
| 787 | 18 | w | Контрольный номер связываемой записи | RU/IS/BASE/313237938 |
| 900 | a | Имя электронного ресурса | obl_zisman_fizika_2_2018 | |
| x | Справочная информация | Обложка | ||
| 901 | t | Тип документа | m | |
| 952 | a | Тип литературы для КСУ ВШ | УИ | |
| 954 | a | Гриф | 1.1.2.22.3 |